[Event "BCF-chT2 2324 (4NCL)"]
[Site "England"]
[Date "2024.02.11"]
[Round "6.16"]
[White "Bourached, Anthony"]
[Black "Varnam, Liam"]
[Result "0-1"]
[WhiteElo "1981"]
[BlackElo "2026"]
[PlyCount "84"]
[EventDate "2023.11.11"]
[EventType "team-tourn"]
[EventRounds "11"]
[EventCountry "ENG"]
[SourceTitle "CB11_2024"]
[SourceDate "2024.03.13"]
[SourceVersion "1"]
[SourceVersionDate "2024.03.13"]
[SourceQuality "1"]
[WhiteTeam "Gonzaga"]
[BlackTeam "The Sharks II"]
[WhiteTeamCountry "ENG"]
[BlackTeamCountry "ENG"]

1. e4 c5 2. c3 d5 3. exd5 Qxd5 4. d4 Nf6 5. Nf3 e6 6. a3 Be7 7. Be3 b6 8. Bb5+ Bd7 9. c4 Qb7 10. dxc5 bxc5 11. Nc3 a6 12. Bxd7+ Nbxd7 13. Rb1 0-0 14. 0-0 Rfd8 15. Qe2 a5 16. b3 Ne4 17. Nb5 a4 18. b4 cxb4 19. axb4 a3 20. Qa2 Ra4 21. Rb3 Bxb4 22. Rfb1 Ndc5 23. Bxc5 Nxc5 24. Re3 Qe7 25. Nfd4 Nb7 26. Qc2 Rda8 27. Rh3 h6 28. Qa2 Bc5 29. Nc6 Qe8 30. Ne5 Qd8 31. Rf3 f6 32. Rd3 Qa5 33. Rd7 fxe5 34. Rxb7 Rb4 35. Rd1 Rb2 36. Qa1 Rxf2 37. Kh1 Raf8 38. h3 Qa8 39. Rdd7 Rf1+ 40. Kh2 Qxb7 41. Qxf1 Rxf1 42. Rxb7 a2 0-1

[Event "BCF-chT2 2324 (4NCL)"]
[Site "England"]
[Date "2023.11.11"]
[Round "2.55"]
[White "Bourached, Anthony"]
[Black "Wilks, Simon"]
[Result "1/2-1/2"]
[WhiteElo "1970"]
[BlackElo "2059"]
[PlyCount "39"]
[EventDate "2023.11.11"]
[EventType "team-tourn"]
[EventRounds "11"]
[EventCountry "ENG"]
[SourceTitle "CB46_2023"]
[SourceDate "2023.11.15"]
[SourceVersion "1"]
[SourceVersionDate "2023.11.15"]
[SourceQuality "1"]
[WhiteTeam "Gonzaga"]
[BlackTeam "Schach Attack"]
[WhiteTeamCountry "ENG"]
[BlackTeamCountry "ENG"]

1. e4 e6 2. d4 d5 3. Nd2 c5 4. Ngf3 cxd4 5. exd5 Qxd5 6. Bc4 Qd6 7. 0-0 Nf6 8. Nb3 Nc6 9. Nbxd4 Nxd4 10. Nxd4 a6 11. c3 Qc7 12. Qe2 Bd6 13. h3 0-0 14. Bg5 Bh2+ 15. Kh1 Bf4 16. Bxf6 gxf6 17. Bd3 b5 18. Bxh7+ Kxh7 19. Qe4+ Kg7 20. Ne2 1/2-1/2

[Event "BCF-chT 2223 (4NCL)"]
[Site "England"]
[Date "2023.01.14"]
[Round "3.4"]
[White "Bourached, Anthony"]
[Black "Urh, Zala"]
[Result "0-1"]
[WhiteElo "2044"]
[BlackElo "2221"]
[PlyCount "40"]
[EventDate "2022.10.22"]
[EventType "team-swiss"]
[EventRounds "11"]
[EventCountry "ENG"]
[SourceTitle "CBM 213 Extra"]
[Source "ChessBase"]
[SourceDate "2023.05.31"]
[SourceVersion "1"]
[SourceVersionDate "2023.05.31"]
[SourceQuality "1"]
[WhiteTeam "Gonzaga"]
[BlackTeam "Chessable White Rose"]
[WhiteTeamCountry "ENG"]
[BlackTeamCountry "ENG"]

1. d4 Nf6 2. Nc3 d5 3. Bf4 a6 4. e3 e6 5. Bd3 c5 6. dxc5 Bxc5 7. Nf3 Nc6 8. 0-0 Bd6 9. Bg5 h6 10. Bh4 0-0 11. Re1 Be7 12. a3 b5 13. Nd4 Bb7 14. Bg3 Na5 15. e4 dxe4 16. Bxe4 Nxe4 17. Nxe4 Nc4 18. b3 Nxa3 19. Be5 Qd5 20. Rxa3 Qxe5 0-1

[Event "Ennis op"]
[Site "Ennis"]
[Date "2018.05.12"]
[Round "3"]
[White "Bourached, Anthony"]
[Black "Valdes Escobar, Alvaro Daniel"]
[Result "0-1"]
[WhiteElo "2019"]
[BlackElo "2360"]
[PlyCount "60"]
[EventDate "2018.05.11"]
[EventType "swiss"]
[EventRounds "6"]
[EventCountry "IRL"]
[SourceTitle "CBM 184 Extra"]
[Source "ChessBase"]
[SourceDate "2018.06.28"]
[SourceVersion "1"]
[SourceVersionDate "2018.06.28"]
[SourceQuality "1"]

1. d4 Nf6 2. c4 e6 3. Nc3 Bb4 4. e3 0-0 5. Nge2 d5 6. a3 Be7 7. cxd5 exd5 8. g3 a5 9. Bg2 Na6 10. 0-0 Re8 11. Nf4 c6 12. f3 c5 13. dxc5 Be6 14. Nxe6 fxe6 15. f4 Bxc5 16. Kh1 Nc7 17. g4 Kh8 18. g5 Ng8 19. Rf3 e5 20. Rh3 exf4 21. exf4 Qd7 22. Bd2 Qf5 23. Qh5 Re7 24. Rc1 Rae8 25. Bf1 Be3 26. Bxe3 Rxe3 27. Rxe3 Rxe3 28. Qh4 Ne6 29. Bg2 Nxf4 30. Rf1 Nxg2 0-1

[Event "Bunratty Masters op 25th"]
[Site "Bunratty"]
[Date "2018.02.25"]
[Round "6"]
[White "Steil Antoni, Fiona"]
[Black "Bourached, Anthony"]
[Result "1/2-1/2"]
[WhiteElo "2184"]
[BlackElo "1991"]
[PlyCount "71"]
[EventDate "2018.02.23"]
[EventType "swiss"]
[EventRounds "6"]
[EventCountry "IRL"]
[SourceTitle "CBM 183 Extra"]
[Source "ChessBase"]
[SourceDate "2018.04.19"]
[SourceVersion "1"]
[SourceVersionDate "2018.04.19"]
[SourceQuality "1"]

1. e4 c5 2. Nf3 d6 3. c3 Nf6 4. Bd3 Nc6 5. Bc2 Bg4 6. 0-0 e6 7. d3 Be7 8. Nbd2 d5 9. Re1 0-0 10. Qe2 d4 11. c4 e5 12. Nf1 a6 13. Ng3 b5 14. b3 Nh5 15. Nf5 Nf4 16. Qd1 Bg5 17. Ng3 Qf6 18. h3 Bxf3 19. gxf3 Nxh3+ 20. Kg2 Nf4+ 21. Bxf4 exf4 22. Nf1 Ne5 23. Nh2 h5 24. Rh1 Bh4 25. Kf1 g5 26. Ke2 g4 27. Qg1 Qg5 28. fxg4 hxg4 29. f3 g3 30. Nf1 f5 31. Qg2 fxe4 32. dxe4 bxc4 33. bxc4 Rfd8 34. Bd3 Rab8 35. Nd2 Rb2 36. Qh3 1/2-1/2

[Event "EU-Cup 32nd"]
[Site "Novi Sad"]
[Date "2016.11.06"]
[Round "1.3"]
[White "Rozentalis, Eduardas"]
[Black "Bourached, Anthony"]
[Result "1-0"]
[WhiteElo "2573"]
[BlackElo "1941"]
[PlyCount "90"]
[EventDate "2016.11.06"]
[EventType "team-swiss"]
[EventRounds "7"]
[EventCountry "SRB"]
[SourceTitle "CBM 176"]
[Source "ChessBase"]
[SourceDate "2017.01.17"]
[SourceVersion "1"]
[SourceVersionDate "2017.01.17"]
[SourceQuality "1"]
[WhiteTeam "Gent"]
[BlackTeam "Dublin Trinity College"]
[WhiteTeamCountry "BEL"]
[BlackTeamCountry "IRL"]

1. e4 c5 2. Nf3 d6 3. Bb5+ Bd7 4. c4 Nf6 5. Nc3 a6 6. Bxd7+ Qxd7 7. 0-0 Nc6 8. Nd5 Nxd5 9. exd5 Nd4 10. Nxd4 cxd4 11. b3 g6 12. Bb2 Bg7 13. Qf3 Qf5 14. Qxf5 gxf5 15. f4 b5 16. Rac1 Kd7 17. Rf3 Rhc8 18. Rd3 bxc4 19. bxc4 Rab8 20. Bxd4 Bxd4+ 21. Rxd4 Rb2 22. a3 Rb3 23. Rc3 Rxc3 24. dxc3 Ke8 25. Kf2 Rc5 26. Ke3 Ra5 27. Rd2 Rxa3 28. Kd4 Ra5 29. Rb2 Kf8 30. g3 Rc5 31. Rb6 Ra5 32. h4 Kg7 33. h5 h6 34. Rc6 Ra4 35. Kd3 Ra5 36. c5 dxc5 37. Kc4 Ra1 38. Kxc5 Rg1 39. Rxa6 Rxg3 40. c4 Rf3 41. Kb5 Rxf4 42. c5 Rf1 43. c6 Rb1+ 44. Kc5 Rb8 45. c7 Rc8 1-0

[Event "Edinburgh Premier"]
[Site "Edinburgh"]
[Date "2016.04.09"]
[Round "3.22"]
[White "Pasha, Tariq"]
[Black "Bourached, Anthony"]
[Result "1/2-1/2"]
[WhiteElo "1654"]
[BlackElo "1951"]
[PlyCount "119"]
[EventDate "2016.04.08"]
[EventType "swiss"]
[EventRounds "5"]
[EventCountry "SCO"]
[SourceTitle "EXT 2023"]
[Source "ChessBase"]
[SourceDate "2022.10.05"]
[SourceVersion "1"]
[SourceVersionDate "2022.10.05"]
[SourceQuality "1"]

1. d4 Nf6 2. c4 e6 3. Nc3 Bb4 4. Nf3 c5 5. Bg5 h6 6. Bxf6 Qxf6 7. e3 Nc6 8. a3 Bxc3+ 9. bxc3 b6 10. Bd3 Ba6 11. 0-0 Qe7 12. Qc2 Na5 13. Qe2 Rc8 14. Nd2 d6 15. f4 e5 16. fxe5 dxe5 17. d5 0-0 18. e4 Nb7 19. Rf3 Nd6 20. Raf1 Rb8 21. Rg3 Bc8 22. Qh5 Kh8 23. Nf3 f5 24. Nh4 Kg8 25. Nxf5 Bxf5 26. exf5 e4 27. Be2 Rf6 28. Rg6 Kh8 29. Qh4 Qe5 30. Rxf6 Qxf6 31. Qxf6 gxf6 32. Rf4 Rg8 33. g4 h5 34. h3 hxg4 35. hxg4 Kg7 36. Rf2 Rh8 37. Kg2 Kh6 38. a4 Kg5 39. Rf1 Nf7 40. Kg3 Ne5 41. Rd1 Nf7 42. Rf1 Nd6 43. Kg2 Nb7 44. Kg3 Rh4 45. Rd1 Rh7 46. Rf1 Nd6 47. Kg2 Re7 48. Kg3 Kh6 49. Rh1+ Kg7 50. Rf1 Kg8 51. Kh4 Rh7+ 52. Kg3 Nf7 53. Rd1 Nd6 54. Rf1 Kf8 55. Ra1 Nb7 56. Kf4 Nd6 57. Kg3 Nf7 58. Rd1 Ke7 59. Kf4 Ng5 60. Bf1 1/2-1/2

[Event "GRB-ch Universities"]
[Site "Birmingham"]
[Date "2016.02.20"]
[Round "3.3"]
[White "Bourached, Anthony"]
[Black "Baltov, Nikola"]
[Result "1-0"]
[WhiteElo "1951"]
[BlackElo "1634"]
[PlyCount "57"]
[EventDate "2016.02.20"]
[EventType "team-swiss"]
[EventRounds "5"]
[EventCountry "ENG"]
[SourceTitle "CBM 170 Extra"]
[Source "ChessBase"]
[SourceDate "2016.02.25"]
[SourceVersion "1"]
[SourceVersionDate "2016.02.25"]
[SourceQuality "1"]
[WhiteTeam "Edinburgh"]
[BlackTeam "Lancaster"]
[WhiteTeamCountry "ENG"]
[BlackTeamCountry "ENG"]

1. d4 Nf6 2. c4 g6 3. Nc3 Bg7 4. e4 d6 5. h3 0-0 6. Bg5 h6 7. Be3 Qe8 8. Nf3 c6 9. Be2 Na6 10. a3 Nc7 11. 0-0 a6 12. c5 dxc5 13. dxc5 Nb5 14. Nxb5 axb5 15. Qc2 e5 16. Rfd1 Be6 17. a4 bxa4 18. Rxa4 Nd7 19. Nd2 Qe7 20. b4 f5 21. f3 fxe4 22. fxe4 Rxa4 23. Qxa4 Qh4 24. Qc2 Bxh3 25. Bf3 Bg4 26. Qc4+ Kh7 27. Qe2 Bxf3 28. Nxf3 Qg4 29. Ng5+ 1-0

[Event "GBR-ch 101st"]
[Site "Aberystwyth"]
[Date "2014.07.20"]
[Round "2"]
[White "Bourached, Anthony"]
[Black "Hackner, Oskar A"]
[Result "1/2-1/2"]
[WhiteElo "1965"]
[BlackElo "2108"]
[PlyCount "157"]
[EventDate "2014.07.19"]
[EventType "swiss"]
[EventRounds "11"]
[EventCountry "WLS"]
[SourceTitle "CBM 161 Extra"]
[Source "ChessBase"]
[SourceDate "2014.08.29"]
[SourceVersion "1"]
[SourceVersionDate "2014.08.29"]
[SourceQuality "1"]

1. e4 e6 2. d4 d5 3. Nd2 Nf6 4. e5 Nfd7 5. Bd3 c5 6. c3 Nc6 7. Ngf3 g6 8. h4 Qb6 9. dxc5 Nxc5 10. Nb3 Nxd3+ 11. Qxd3 Bg7 12. Bf4 h6 13. 0-0 g5 14. hxg5 hxg5 15. Bxg5 Nxe5 16. Nxe5 Bxe5 17. g3 Rg8 18. Bh4 Bd7 19. Rfe1 Qc7 20. Re3 f6 21. Rae1 0-0-0 22. Rxe5 fxe5 23. Bxd8 Kxd8 24. Qe3 e4 25. Nc5 Bc8 26. Rd1 Ke8 27. Kg2 b6 28. Nb3 Rh8 29. Rh1 Rxh1 30. Kxh1 Qh7+ 31. Kg2 Bb7 32. Qf4 Qd7 33. Nd4 Bc8 34. Qe5 Kd8 35. g4 Qf7 36. Kg3 Ke8 37. Qh8+ Kd7 38. Qe5 Ke8 39. a3 a6 40. Qh8+ Kd7 41. Qe5 b5 42. g5 Ke8 43. Qf4 Qd7 44. g6 Qg7 45. Qg5 Bd7 46. f4 a5 47. Qh5 Kf8 48. b4 axb4 49. axb4 Qf6 50. Qh7 Qg7 51. Qh5 Qf6 52. Qh6+ Qg7 53. Qg5 Ke8 54. Kh4 Qh8+ 55. Qh5 Qf6+ 56. Qg5 Qh8+ 57. Qh5 Qf6+ 58. Kg3 Kf8 59. Qh7 Qg7 60. Kh4 Qxh7+ 61. gxh7 Kg7 62. Kg5 Kxh7 63. Kf6 e3 64. Ke7 Bc8 65. Kd8 Ba6 66. Kc7 Kg6 67. Kb6 Bc8 68. Kxb5 Kh5 69. Kc6 Kg4 70. b5 Kxf4 71. Kc7 e5 72. Nc2 d4 73. cxd4 exd4 74. Nxd4 Ke4 75. Ne2 Be6 76. b6 Bd5 77. Nc3+ Kd4 78. Nxd5 Kxd5 79. b7 1/2-1/2

[Event "IRL-ch"]
[Site "Dublin"]
[Date "2014.07.13"]
[Round "9"]
[White "Reynolds, Pat"]
[Black "Bourached, Anthony"]
[Result "0-1"]
[WhiteElo "1990"]
[BlackElo "1965"]
[PlyCount "96"]
[EventDate "2014.07.05"]
[EventType "swiss"]
[EventRounds "9"]
[EventCountry "IRL"]
[SourceTitle "CBM 161 Extra"]
[Source "ChessBase"]
[SourceDate "2014.08.29"]
[SourceVersion "1"]
[SourceVersionDate "2014.08.29"]
[SourceQuality "1"]

1. d4 Nf6 2. Bg5 Ne4 3. Bf4 g5 4. Bc1 Bg7 5. f3 Nd6 6. Bxg5 c5 7. c3 cxd4 8. e4 dxe3 9. Bxe3 Nc6 10. f4 0-0 11. Nf3 b5 12. Nbd2 Bb7 13. Bd3 b4 14. Qc2 bxc3 15. bxc3 Qa5 16. Rc1 f5 17. Nb3 Qa4 18. Qe2 e5 19. Nc5 Qa3 20. Nxb7 Nxb7 21. Bc4+ Kh8 22. fxe5 Nba5 23. Bd5 Rae8 24. 0-0 Nxe5 25. Nxe5 Rxe5 26. Qf3 Qe7 27. Bxa7 Re2 28. h3 Rf6 29. Rb1 Nc6 30. Bxc6 dxc6 31. Rb8+ Rf8 32. Rxf8+ Bxf8 33. Qxf5 Qxa7+ 34. Kh1 Re8 35. Qf6+ Bg7 36. Qxc6 Qe7 37. c4 Rg8 38. Qd5 Rd8 39. Qh5 Bf6 40. c5 Kg7 41. c6 Rd4 42. Rb1 Be5 43. Rb7 Bc7 44. Rxc7 Qxc7 45. Qg5+ Kh8 46. Qh5 Re4 47. Kg1 Qxc6 48. Qf5 Qc1+ 0-1

[Event "IRL-ch"]
[Site "Dublin"]
[Date "2014.07.09"]
[Round "5"]
[White "Killane, Jack"]
[Black "Bourached, Anthony"]
[Result "1/2-1/2"]
[WhiteElo "1934"]
[BlackElo "1965"]
[PlyCount "42"]
[EventDate "2014.07.05"]
[EventType "swiss"]
[EventRounds "9"]
[EventCountry "IRL"]
[SourceTitle "CBM 161 Extra"]
[Source "ChessBase"]
[SourceDate "2014.08.29"]
[SourceVersion "1"]
[SourceVersionDate "2014.08.29"]
[SourceQuality "1"]

1. f4 d6 2. e4 c5 3. Nf3 g6 4. g3 Bg7 5. Bg2 Nc6 6. d3 e6 7. 0-0 Nge7 8. c3 0-0 9. Be3 Qc7 10. Nbd2 b6 11. Qc2 Ba6 12. Rfd1 Rac8 13. Rac1 Kh8 14. Nf1 f5 15. Bf2 h6 16. Ne3 Bb7 17. Re1 Rce8 18. Rcd1 Kh7 19. Rd2 Qb8 20. Rde2 Qa8 21. Nd2 b5 1/2-1/2

[Event "IRL-ch"]
[Site "Dublin"]
[Date "2014.07.05"]
[Round "1"]
[White "McMahon, Daire"]
[Black "Bourached, Anthony"]
[Result "1-0"]
[WhiteElo "2153"]
[BlackElo "1965"]
[PlyCount "47"]
[EventDate "2014.07.05"]
[EventType "swiss"]
[EventRounds "9"]
[EventCountry "IRL"]
[SourceTitle "CBM 161 Extra"]
[Source "ChessBase"]
[SourceDate "2014.08.29"]
[SourceVersion "1"]
[SourceVersionDate "2014.08.29"]
[SourceQuality "1"]

1. d4 Nf6 2. c4 e6 3. Nc3 Bb4 4. Nf3 0-0 5. Bg5 d5 6. e3 b6 7. Bd3 Ba6 8. cxd5 Bxd3 9. Qxd3 exd5 10. 0-0 Be7 11. Rac1 c6 12. h3 Ne4 13. Bf4 f5 14. Ne5 g5 15. Bh2 Bd6 16. Ne2 Bc7 17. f3 Bxe5 18. Bxe5 Nd6 19. Ng3 Nc4 20. Rxc4 dxc4 21. Nxf5 Rxf5 22. Qxf5 Nd7 23. Qe6+ Kf8 24. f4 1-0

[Event "Bunratty Masters op 21st"]
[Site "Bunratty"]
[Date "2014.02.09"]
[Round "6"]
[White "Aoustin, Arnaud"]
[Black "Bourached, Anthony"]
[Result "1-0"]
[WhiteElo "2132"]
[BlackElo "1949"]
[PlyCount "77"]
[EventDate "2014.02.07"]
[EventType "swiss"]
[EventRounds "6"]
[EventCountry "IRL"]
[SourceTitle "CBM 158 Extra"]
[Source "ChessBase"]
[SourceDate "2014.02.28"]
[SourceVersion "1"]
[SourceVersionDate "2014.02.28"]
[SourceQuality "1"]

1. e4 c5 2. Nf3 d6 3. Bb5+ Bd7 4. Bxd7+ Qxd7 5. 0-0 Nc6 6. c3 Nf6 7. d4 Nxe4 8. d5 Ne5 9. Re1 Nf6 10. Nxe5 dxe5 11. Rxe5 e6 12. c4 0-0-0 13. Bg5 h6 14. Bxf6 gxf6 15. Rh5 f5 16. Nc3 Bg7 17. Qf3 Bxc3 18. bxc3 Rhg8 19. g3 Rg6 20. Rb1 Qc7 21. dxe6 fxe6 22. Rxf5 exf5 23. Qxf5+ Qd7 24. Qxg6 Qd6 25. Qxd6 Rxd6 26. Rb2 Rd3 27. Rc2 Kd7 28. Kf1 Ke6 29. Ke2 Rd6 30. Rb2 b6 31. Rd2 Rc6 32. f4 Kf5 33. Kf3 Re6 34. Re2 Rd6 35. Re5+ Kf6 36. Rd5 Re6 37. Rd7 a6 38. g4 Rc6 39. a4 1-0

[Event "Bunratty Masters op 21st"]
[Site "Bunratty"]
[Date "2014.02.09"]
[Round "5"]
[White "Bourached, Anthony"]
[Black "Quinn, Rory"]
[Result "1/2-1/2"]
[WhiteElo "1949"]
[BlackElo "2115"]
[PlyCount "75"]
[EventDate "2014.02.07"]
[EventType "swiss"]
[EventRounds "6"]
[EventCountry "IRL"]
[SourceTitle "CBM 158 Extra"]
[Source "ChessBase"]
[SourceDate "2014.02.28"]
[SourceVersion "1"]
[SourceVersionDate "2014.02.28"]
[SourceQuality "1"]

1. d4 d5 2. c4 dxc4 3. e3 e5 4. Bxc4 exd4 5. exd4 Bd6 6. Nf3 Nf6 7. 0-0 0-0 8. Nc3 h6 9. h3 Nc6 10. Qc2 a6 11. a3 Ne7 12. Re1 Bf5 13. Qb3 Nc6 14. Ne5 Nxd4 15. Nxf7 Rxf7 16. Bxf7+ Kf8 17. Qa2 Qd7 18. Bb3 Bxh3 19. Re3 Bf5 20. Bd2 Ng4 21. Ree1 Bh2+ 22. Kh1 Nxb3 23. Qxb3 Qxd2 24. Qxb7 Re8 25. Rxe8+ Kxe8 26. Qa8+ Kf7 27. Qd5+ Qxd5 28. Nxd5 Be5 29. f3 Nf2+ 30. Kg1 Nd3 31. Rd1 Nxb2 32. Re1 Bd4+ 33. Kh1 c5 34. Re7+ Kf8 35. Ra7 Bd3 36. Nc7 c4 37. Ne6+ Ke8 38. Nxd4 1/2-1/2

[Event "Bunratty Masters op 21st"]
[Site "Bunratty"]
[Date "2014.02.07"]
[Round "1"]
[White "Bourached, Anthony"]
[Black "De Verdier, Michael Carl Adam"]
[Result "0-1"]
[WhiteElo "1949"]
[BlackElo "2345"]
[PlyCount "70"]
[EventDate "2014.02.07"]
[EventType "swiss"]
[EventRounds "6"]
[EventCountry "IRL"]
[SourceTitle "CBM 158 Extra"]
[Source "ChessBase"]
[SourceDate "2014.02.28"]
[SourceVersion "1"]
[SourceVersionDate "2014.02.28"]
[SourceQuality "1"]

1. d4 Nf6 2. c4 e6 3. Nc3 Bb4 4. e3 b6 5. Nge2 Ba6 6. a3 Bxc3+ 7. Nxc3 d5 8. Be2 0-0 9. 0-0 c6 10. Qb3 Qe7 11. Rd1 Rc8 12. Bd2 Nbd7 13. Rac1 c5 14. cxd5 Bxe2 15. Nxe2 Nxd5 16. e4 N5f6 17. Bg5 h6 18. Bxf6 Nxf6 19. Qe3 cxd4 20. Nxd4 Qb7 21. f3 Rxc1 22. Rxc1 Rc8 23. Rc3 Qd7 24. b4 Rd8 25. Nb3 Qd1+ 26. Kf2 Qh1 27. Kg3 Nh5+ 28. Kh3 e5 29. Rc1 Rd1 30. Rxd1 Qxd1 31. Nd2 Nf4+ 32. Kg3 Qh1 33. Qf2 h5 34. Nf1 Kh7 35. Qc2 Qxf1 0-1

[Event "BCF-ch Major op"]
[Site "Torquay"]
[Date "2013.08.05"]
[Round "7.94"]
[White "Bourached, Anthony"]
[Black "Fraser, John"]
[Result "1/2-1/2"]
[WhiteElo "1895"]
[BlackElo "1954"]
[PlyCount "90"]
[EventDate "2013.07.29"]
[EventType "swiss"]
[EventRounds "11"]
[EventCountry "ENG"]
[SourceTitle "EXT 2023"]
[Source "ChessBase"]
[SourceDate "2022.10.05"]
[SourceVersion "1"]
[SourceVersionDate "2022.10.05"]
[SourceQuality "1"]

1. d4 g6 2. Nc3 Bg7 3. e4 d6 4. f4 Nf6 5. Nf3 0-0 6. Be2 c6 7. 0-0 Qc7 8. Qe1 Nbd7 9. f5 e5 10. dxe5 dxe5 11. Qh4 b5 12. a3 a5 13. g4 Ne8 14. Be3 Nd6 15. Nd2 Qd8 16. Qf2 Bb7 17. b4 Qe7 18. Bd3 axb4 19. axb4 Rxa1 20. Rxa1 Ra8 21. Rxa8+ Bxa8 22. Nb3 Nb7 23. Na2 Nf6 24. h3 h6 25. c3 Qd8 26. Bc2 Nd6 27. Nc5 Nc4 28. Nc1 Nd7 29. N1b3 Ndb6 30. Bc1 g5 31. Qe2 Bf8 32. Kf2 Kg7 33. Kf3 Be7 34. Qd3 Qxd3+ 35. Bxd3 Kf8 36. h4 Kg7 37. hxg5 Bxg5 38. Bxg5 hxg5 39. Bxc4 Nxc4 40. Ke2 Kf6 41. Nd2 Nxd2 42. Kxd2 Ke7 43. c4 f6 44. Ne6 Kd7 45. Kd3 Bb7 1/2-1/2

[Event "BCF-ch Major op"]
[Site "Torquay"]
[Date "2013.08.01"]
[Round "4.57"]
[White "Bourached, Anthony"]
[Black "Stayt, James N"]
[Result "0-1"]
[WhiteElo "1895"]
[BlackElo "1980"]
[PlyCount "110"]
[EventDate "2013.07.29"]
[EventType "swiss"]
[EventRounds "11"]
[EventCountry "ENG"]
[SourceTitle "EXT 2023"]
[Source "ChessBase"]
[SourceDate "2022.10.05"]
[SourceVersion "1"]
[SourceVersionDate "2022.10.05"]
[SourceQuality "1"]

1. d4 Nf6 2. c4 g6 3. Nc3 Bg7 4. e4 d6 5. h3 0-0 6. Bg5 c5 7. d5 h6 8. Be3 a6 9. Nf3 Nbd7 10. Bd3 Qa5 11. 0-0 Qc7 12. Qd2 Kh7 13. a4 Re8 14. Bf4 e5 15. Bh2 Nf8 16. Ne1 Qe7 17. Bc2 g5 18. Nd3 Ng6 19. a5 g4 20. hxg4 Nxg4 21. Bg3 h5 22. f3 Bh6 23. Qe2 Ne3 24. Rfe1 Rg8 25. Bf2 Nxg2 26. Kh1 Nxe1 27. Rxe1 Qd7 28. Bg3 Qh3+ 29. Bh2 Nf4 30. Qf2 Nxd3 31. Bxd3 Bf4 32. Na4 Bd7 33. Nb6 Rad8 34. Bf1 Qxh2+ 35. Qxh2 Bxh2 36. Kxh2 Kh6 37. Re2 Rg5 38. Rf2 Kg6 39. Bg2 Kf6 40. Bf1 Ke7 41. Bg2 Rdg8 42. Kh1 Rg3 43. Kh2 h4 44. Nxd7 Kxd7 45. Bh3+ Kc7 46. Bg4 b6 47. b3 bxa5 48. Ra2 Rb8 49. Rxa5 Rxb3 50. Rxa6 Rb2+ 51. Kh1 Rgg2 52. Rc6+ Kb7 53. Rxd6 Rgc2 54. Rd7+ Kb6 55. Rd6+ Ka5 0-1

[Event "BCF-ch Major op"]
[Site "Torquay"]
[Date "2013.07.29"]
[Round "1.55"]
[White "Bourached, Anthony"]
[Black "Wise, David M"]
[Result "1/2-1/2"]
[WhiteElo "1895"]
[BlackElo "2147"]
[PlyCount "38"]
[EventDate "2013.07.29"]
[EventType "swiss"]
[EventRounds "11"]
[EventCountry "ENG"]
[SourceTitle "EXT 2023"]
[Source "ChessBase"]
[SourceDate "2022.10.05"]
[SourceVersion "1"]
[SourceVersionDate "2022.10.05"]
[SourceQuality "1"]

1. d4 Nf6 2. c4 e6 3. Nc3 Bb4 4. e3 0-0 5. Nge2 d5 6. a3 Be7 7. cxd5 exd5 8. Nf4 c6 9. Bd3 Re8 10. 0-0 Nbd7 11. Qc2 Nf8 12. b4 Bd6 13. Nfe2 Ng4 14. h3 Nf6 15. b5 Ne6 16. bxc6 bxc6 17. a4 g6 18. a5 c5 19. dxc5 Nxc5 1/2-1/2

[Event "Paris-ch op-B 87th"]
[Site "Paris"]
[Date "2012.07.11"]
[Round "5"]
[White "Bourached, Anthony"]
[Black "Marin, Emmanuel"]
[Result "1/2-1/2"]
[WhiteElo "1848"]
[BlackElo "1838"]
[PlyCount "54"]
[EventDate "2012.07.07"]
[EventType "swiss"]
[EventRounds "9"]
[EventCountry "FRA"]
[SourceTitle "EXT 2013"]
[Source "ChessBase"]
[SourceDate "2012.11.22"]
[SourceVersion "1"]
[SourceVersionDate "2012.11.22"]
[SourceQuality "1"]

1. d4 d5 2. c4 Nc6 3. Nf3 Bg4 4. e3 e5 5. Be2 e4 6. Nfd2 Bxe2 7. Qxe2 f5 8. a3 Nf6 9. Nc3 Be7 10. b4 Nb8 11. cxd5 Nxd5 12. Qb5+ c6 13. Qc4 Nxc3 14. Qxc3 0-0 15. 0-0 Nd7 16. Bb2 Nf6 17. f4 Nd5 18. Qb3 Kh8 19. Nc4 Bf6 20. Rac1 g5 21. a4 gxf4 22. exf4 Qe7 23. b5 Qb4 24. Qxb4 Nxb4 25. Ne5 Bxe5 26. dxe5 Nd3 27. Rc2 Nxb2 1/2-1/2

[Event "Paris-ch op-B 87th"]
[Site "Paris"]
[Date "2012.07.10"]
[Round "4"]
[White "Ek, Alexandre"]
[Black "Bourached, Anthony"]
[Result "1-0"]
[WhiteElo "1896"]
[BlackElo "1848"]
[PlyCount "109"]
[EventDate "2012.07.07"]
[EventType "swiss"]
[EventRounds "9"]
[EventCountry "FRA"]
[SourceTitle "EXT 2013"]
[Source "ChessBase"]
[SourceDate "2012.11.22"]
[SourceVersion "1"]
[SourceVersionDate "2012.11.22"]
[SourceQuality "1"]

1. e4 c5 2. c3 d6 3. d4 Nf6 4. Bd3 g6 5. Nf3 Bg7 6. 0-0 0-0 7. Re1 Nc6 8. h3 e6 9. Be3 Nd7 10. Qd2 Re8 11. Bh6 Bh8 12. dxc5 dxc5 13. Na3 Nde5 14. Nxe5 Nxe5 15. Be2 Qxd2 16. Bxd2 Rd8 17. Rad1 Bf6 18. Be3 b6 19. f4 Nc6 20. e5 Be7 21. Bf3 Bb7 22. g4 Na5 23. Bxb7 Nxb7 24. Kh2 a6 25. f5 b5 26. Bh6 c4 27. Nc2 Bc5 28. Bg5 Rd3 29. Rxd3 cxd3 30. Nb4 Bxb4 31. cxb4 exf5 32. gxf5 gxf5 33. Rg1 Kf8 34. Rd1 Kg7 35. Bf6+ Kg6 36. Rxd3 f4 37. Rd4 Kf5 38. Rd7 Rb8 39. Rxf7 a5 40. bxa5 Nxa5 41. Bd8+ Ke4 42. Bxa5 Rc8 43. Bd2 Rc2 44. Rxf4+ Kxe5 45. Rf2 Ke6 46. Be3 Rc4 47. b3 Re4 48. Bd2 Re5 49. a4 bxa4 50. bxa4 h5 51. a5 Kd7 52. Bc3 Rd5 53. Rd2 Kc6 54. Rxd5 Kxd5 55. Kg3 1-0

[Event "Hastings Masters op 87th"]
[Site "Hastings"]
[Date "2012.01.03"]
[Round "7"]
[White "Bourached, Anthony"]
[Black "Kalairajah, Shyam"]
[Result "1/2-1/2"]
[WhiteElo "1895"]
[BlackElo "1830"]
[PlyCount "31"]
[EventDate "2011.12.28"]
[EventType "swiss"]
[EventRounds "9"]
[EventCountry "ENG"]
[SourceTitle "CBM 146 Extra"]
[Source "ChessBase"]
[SourceDate "2012.02.29"]
[SourceVersion "1"]
[SourceVersionDate "2012.02.29"]
[SourceQuality "1"]

1. d4 Nf6 2. c4 g6 3. Nc3 d5 4. cxd5 Nxd5 5. Nf3 Bg7 6. Bd2 0-0 7. e3 b6 8. Qb3 Bb7 9. Bd3 Nxc3 10. Qxc3 c5 11. Rc1 Nc6 12. Qa3 cxd4 13. Be4 Rc8 14. 0-0 Qd7 15. Bxc6 Bxc6 16. Nxd4 1/2-1/2